00748nam a2200193 a 450000500170000000800410001702000250005803700080008304000180009108200080010924500440011726000340016127000530019530000220024852001420027094200220041299900170043495201030045120091219113917.0080508s2008 ctua 000 0 eng  c95.00a9788190637015 bUBH adplbEnglish  a921 aThe autobiography of Benjamin Franklin  aNew Delhi bMaple Pressc2008 a1314, Chiranjeev Tower, Nehru Place bNew Delhi  a187p.c18cm(pbk)  aCollects anecdotes from teenagers about friendship, peer pressure, self-acceptance, family life, relationships, and overcoming obstacles. 2ddccCHmBENh921 c33267d33267 00102ddc4070aAGbAGd2009-12-19g95.00l0o921 BENr2009-12-19 00:00:00v95.00w2009-12-19yCH